000 00827nas a2200277 4500
001 BR0806082
003 BR-BrBNA
005 20231205112125.0
007 ta
008 230509b bl.|||p| |||| 00| 00por d
040 _aBR-BrBNA
_bpor
_cBiblioteca Nacional de Agricultura
041 _a(Pt)
072 _aP40; A50
100 1 _aMartin, T.N.
100 1 _aNeto, D.D.
100 1 _aStorck, L.
100 1 _aBarauel, P.
100 1 _aSantos, E.A.
245 1 _aRegiões homogêneas e tamanho de amostra para atributos do clima no Estado de São Paulo, Brasil
650 _aCLIMA
650 _aPLANEJAMENTO REGIONAL
650 _aSÃO PAULO
773 0 _tCiência Rural (Brazil)
_xISSN 0103-8478
_g(May-Jun 2008), v. 38(3) p. 690-697
_wBR0806082
909 _a202311
_bLúcia
_c55
_dLúcia Elande
942 _2AGRIS
_n0
_cANA
999 _c196210
_d196210